| 000 | 01828nam0a2200433 4500 | ||
|---|---|---|---|
| 001 | RU\NLR\bibl\169397 | ||
| 005 | 20260607065133.0 | ||
| 010 |
_a5-86427-033-4 _910000 |
||
| 021 |
_aRU _b2001-8051 _9387 |
||
| 035 | _a(NLR Aleph) 000166192 | ||
| 090 |
_a956781 _c956781 |
||
| 100 | _a20010510d2001 |||y0rusy50 ca | ||
| 101 | 0 |
_arus _aeng |
|
| 102 | _aRU | ||
| 105 | _ay ||||||||| | ||
| 200 | 1 |
_aПредлоги _eПовышаем речевую готовность на английском _fП. П. Литвинов |
|
| 205 | _a[3-е изд.] | ||
| 210 |
_aМ. _cЯхонт _d2001 |
||
| 215 |
_a251 с. _d21 |
||
| 225 | 1 | _aСам себе репетитор | |
| 300 | _aЗагл. обл.: English: Повышаем речевую готовность: Предлоги | ||
| 512 | 1 |
_6z33790 _aEnglish: Повышаем речевую готовность: Предлоги |
|
| 606 | 0 |
_aАнглийский язык _jУчебные издания _9972309 _3RU\NLR\auth\6646032 |
|
| 606 | 0 |
_aАнглийский язык _jУчебные издания _xПредлоги _9971657 _3RU\NLR\auth\6645680 |
|
| 610 | 0 | _aПредлоги в английском языке | |
| 610 | 0 | _aАнглийский язык - Грамматика | |
| 675 |
_a811.111'373.673(075.8) _v3 _zrus |
||
| 686 |
_a81.2Англ-923 _2rubbk |
||
| 686 | _aШ143.21-93рус-212.8 | ||
| 686 | _aШ143.21-93рус8 | ||
| 686 | _aШ143.21-93рус-6 | ||
| 700 | 1 |
_4070 _7ca _8rus _aЛитвинов _bП. П. _gПавел Петрович _911486 _3RU\NLR\auth\7728455 |
|
| 790 | 1 |
_4070 _7ca _8rus _aЛитвинов _bП. П. _gПавел Петрович _911486 _3RU\NLR\auth\7728455 |
|
| 801 | 0 |
_aRU _bRKP _c20010510 _gPSBO |
|
| 801 | 1 |
_aRU _bRKP _c20010510 |
|
| 801 | 2 |
_aRU _bNLR _c20050926 _grcr |
|
| 942 | _cBOOK | ||
| 980 | _aNB | ||